| 000 | 01040nam a2200229Ii 4500 | ||
|---|---|---|---|
| 003 | JO-AjNU | ||
| 008 | 230605s9999||||xx |||||||||||||| ||und|| | ||
| 017 | _a1429/1203 | ||
| 020 | _a978-9960-04-782-9 / 978-9960-04-783-6 | ||
| 040 |
_aJO-AjNU _bara _erda _cJO-AjNU |
||
| 041 | _aara | ||
| 050 | 1 | 4 | _aHF5823 2008 |
| 100 | 3 |
_aاعداد: السويد، محمد بن علي بن محمد, _eauthor _943521 |
|
| 245 | 0 | 0 | _aالتغريب الثقافي في الاعلان التجاري: دراسة تحليلية تقويمية لعينة من الاعلانات التجارية في وسائل الاعلام في المجتمع السعودي، ج2 |
| 264 | 3 | 1 | _aالرياض: د.ن، 2008 |
| 300 |
_aج2، 541-1397ص _bيحتوي على ببلوغرافية من 1329-1397ص |
||
| 336 |
_atext _btxt _2rdacontent |
||
| 337 |
_aunmediated _bn _2rdamedia |
||
| 338 |
_avolume _bnc _2rdacarrier |
||
| 490 | 0 | _aسلسلة الرسائل الجامعية ؛81 | |
| 650 | 4 |
_aالاعلانات التجارية - السعودية _943522 |
|
| 999 |
_aA18716 _c22284 _d22284 |
||